[Event "13th Asia-ch"]
[Site "Al-Ain UAE"]
[Date "2015.08.02"]
[Round "1"]
[White "Nitin, Senthilvel"]
[Black "Salem, A. R. Saleh"]
[Result "0-1"]
[WhiteElo "2404"]
[BlackElo "2595"]
[EventDate "2015.08.02"]
[PlyCount "64"]

1.e4 c5 2.Nf3 d6 3.d4 cxd4 4.Nxd4 Nf6 5.Nc3 a6 6.Qf3 g6 7.h3 Bg7 8.Be3 O-O
9.O-O-O Bd7 10.Kb1 Nc6 11.Nd5 Rc8 12.g4 Nxd5 13.exd5 Ne5 14.Qg2 Nc4 15.
Bxc4 Rxc4 16.Rhe1 Qc7 17.f4 Rc8 18.Rd2 a5 19.Bg1 Bf6 20.g5 Bxd4 21.Bxd4 
Bf5 22.Ree2 a4 23.Qf2 a3 24.b3 Rc3 25.h4 b5 26.Bb6 Qb7 27.Bd4 Rh3 28.Ba1 
Qb6 29.Qe1 Qc5 30.Qc1 b4 31.Rh2 Qxc2+ 32.Qxc2 Rxc2 0-1

[Event "13th Asia-ch"]
[Site "Al-Ain UAE"]
[Date "2015.08.03"]
[Round "2"]
[White "Santosh Gujrathi, Vidit"]
[Black "Lin Chen"]
[Result "1/2-1/2"]
[WhiteElo "2644"]
[BlackElo "2494"]
[EventDate "2015.08.02"]
[PlyCount "70"]

1.d4 d5 2.c4 c6 3.Nf3 Nf6 4.Nc3 a6 5.g3 b5 6.b3 Bf5 7.Bg2 e6 8.O-O Bb4 9.
Bd2 O-O 10.Nxd5 Nxd5 11.cxd5 Bxd2 12.Qxd2 exd5 13.Rac1 Qd6 14.Nh4 Bg6 15.
f4 f6 16.Nxg6 hxg6 17.e4 dxe4 18.Bxe4 f5 19.Bf3 Ra7 20.d5 Rd7 21.Rfd1 Rfd8
22.Qe3 Qf6 23.Rc5 Kh8 24.Kg2 Rd6 25.Kh3 Kh7 26.b4 Qb2 27.a3 cxd5 28.Rdxd5 
Rxd5 29.Bxd5 Nd7 30.Rc7 Nb6 31.Bg2 Rd2 32.Qe7 Rxg2 33.Qh4+ Kg8 34.Qd8+ Kh7
35.Qh4+ Kg8 1/2-1/2

[Event "13th Asia-ch"]
[Site "Al-Ain UAE"]
[Date "2015.08.03"]
[Round "2"]
[White "Dzhumaev, Marat"]
[Black "Sasikiran, Krishnan"]
[Result "1/2-1/2"]
[WhiteElo "2493"]
[BlackElo "2640"]
[EventDate "2015.08.02"]
[PlyCount "55"]

1.e4 e5 2.Nf3 Nc6 3.d4 exd4 4.Nxd4 Nf6 5.Nxc6 bxc6 6.Bd3 d5 7.exd5 cxd5 8.
O-O Be7 9.Re1 O-O 10.Nc3 Bg4 11.Qd2 c5 12.b3 c4 13.bxc4 dxc4 14.Bxc4 Bb4 
15.Rb1 Qa5 16.Bb2 Rfd8 17.Qe3 Rac8 18.a3 Bc5 19.Qe5 Bxf2+ 20.Kxf2 Qxe5 21.
Rxe5 Rxc4 22.Ba1 h6 23.Ke1 Rdc8 24.h3 Be6 25.Kd2 Rd8+ 26.Ke1 Rdc8 27.Kd2 
Rd8+ 28.Ke1 1/2-1/2

[Event "13th Asia-ch"]
[Site "Al-Ain UAE"]
[Date "2015.08.03"]
[Round "2"]
[White "Sethuraman, Panayapan"]
[Black "Kunte, Abhijit"]
[Result "1/2-1/2"]
[WhiteElo "2635"]
[BlackElo "2493"]
[EventDate "2015.08.02"]
[PlyCount "67"]

1.e4 e5 2.Nf3 Nc6 3.Bb5 a6 4.Ba4 Nf6 5.O-O Be7 6.d3 d6 7.c3 O-O 8.Re1 Re8 
9.Nbd2 Bf8 10.Nf1 h6 11.Ng3 b5 12.Bc2 Bd7 13.d4 Na5 14.b3 c5 15.h3 Nc6 16.
d5 Ne7 17.Nh2 Ng6 18.Ng4 Nf4 19.Qf3 Nxg4 20.hxg4 g6 21.Bxf4 exf4 22.Qxf4 
Qh4 23.e5 dxe5 24.Rxe5 Qxg4 25.Qxg4 Bxg4 26.Rae1 Bd7 27.Rxe8 Rxe8 28.Rxe8 
Bxe8 29.Ne4 f5 30.Nf6+ Kf7 31.Nxe8 Kxe8 32.g4 fxg4 33.Bxg6+ Ke7 34.Bh5 
1/2-1/2

[Event "13th Asia-ch"]
[Site "Al-Ain UAE"]
[Date "2015.08.03"]
[Round "2"]
[White "Gundavaa, Bayarsaihan"]
[Black "Ganguly, Surya Shekhar"]
[Result "0-1"]
[WhiteElo "2492"]
[BlackElo "2631"]
[EventDate "2015.08.02"]
[PlyCount "84"]

1.e4 e6 2.d4 d5 3.Nc3 Nf6 4.e5 Nfd7 5.Nce2 c5 6.c3 Nc6 7.Nf3 Qa5 8.a3 cxd4
9.b4 Qb6 10.cxd4 a5 11.Qa4 Qa7 12.b5 Ne7 13.Nc3 Nb6 14.Qd1 Bd7 15.Bd3 Rc8 
16.Na4 Nf5 17.O-O Nc4 18.b6 Nxb6 19.Nxb6 Qxb6 20.Rb1 Qc7 21.Bf4 Bc6 22.
Bxf5 exf5 23.Qd3 Be7 24.Qxf5 Qd7 25.Qd3 Qg4 26.Qe3 h6 27.Rfe1 Qe6 28.Qd2 
g5 29.Bg3 Rg8 30.h4 gxh4 31.Nxh4 Rg4 32.Nf3 h5 33.Nh2 Rg7 34.Qf4 Kd7 35.
Nf3 Rg4 36.Qd2 h4 37.Bf4 Rcg8 38.g3 hxg3 39.fxg3 Rxg3+ 40.Bxg3 Rxg3+ 41.
Kf2 Qh3 42.e6+ fxe6 0-1

[Event "13th Asia-ch"]
[Site "Al-Ain UAE"]
[Date "2015.08.03"]
[Round "2"]
[White "Salem, A. R. Saleh"]
[Black "Xu Yinglun"]
[Result "1/2-1/2"]
[WhiteElo "2595"]
[BlackElo "2463"]
[EventDate "2015.08.02"]
[PlyCount "91"]

1.e4 c5 2.Nf3 e6 3.d4 cxd4 4.Nxd4 a6 5.Bd3 Nc6 6.Nxc6 bxc6 7.O-O d5 8.c4 
d4 9.e5 c5 10.Nd2 Ne7 11.Ne4 Nc6 12.Bg5 Qd7 13.Bc2 Nxe5 14.Ba4 Nc6 15.Qh5 
Bb7 16.Bh4 Be7 17.Nxc5 Bxc5 18.Qxc5 f6 19.Rfe1 g5 20.Bg3 Kf7 21.Rad1 Rac8 
22.Bxc6 Qxc6 23.Qxc6 Bxc6 24.Rxd4 e5 25.Rdd1 h5 26.h3 h4 27.Bh2 Rhd8 28.
Kf1 Ke6 29.f3 Kf5 30.b3 a5 31.Bg1 e4 32.fxe4+ Bxe4 33.Bd4 Rd6 34.Rd2 Re8 
35.Kf2 Red8 36.Red1 Ke6 37.Ke3 f5 38.Kf2 f4 39.Bc3 Rxd2+ 40.Rxd2 Rxd2+ 41.
Bxd2 Bb1 42.a3 Ba2 43.Bxa5 Bxb3 44.Bd8 Kf5 45.c5 Ba4 46.Be7 1/2-1/2

[Event "13th Asia-ch"]
[Site "Al-Ain UAE"]
[Date "2015.08.03"]
[Round "2"]
[White "Batchuluun, Cegmed"]
[Black "Sandipan, Chanda"]
[Result "0-1"]
[WhiteElo "2485"]
[BlackElo "2585"]
[EventDate "2015.08.02"]
[PlyCount "92"]

1.d4 f5 2.g3 Nf6 3.Bg2 e6 4.Nf3 d5 5.O-O Bd6 6.b3 Qe7 7.c4 c6 8.Bb2 O-O 9.
Qc1 Bd7 10.Ba3 Be8 11.Bxd6 Qxd6 12.Qa3 Qxa3 13.Nxa3 Bh5 14.e3 Bxf3 15.Bxf3
Nbd7 16.b4 a6 17.Rac1 Ne4 18.Be2 Nd6 19.c5 Nb5 20.Nb1 e5 21.a4 Nc7 22.Nc3 
f4 23.Bg4 Nf6 24.Bh3 exd4 25.exd4 g5 26.f3 Nh5 27.Kf2 fxg3+ 28.hxg3 Ng7 
29.Rce1 Rae8 30.Rxe8 Rxe8 31.b5 axb5 32.axb5 Nce6 33.Ne2 Ra8 34.Rb1 Ra2 
35.Bxe6+ Nxe6 36.Ke1 h5 37.bxc6 bxc6 38.Rb7 h4 39.gxh4 gxh4 40.Re7 Ng7 41.
Kf1 h3 42.Kg1 Nf5 43.Re5 Nh4 44.Re3 Kf7 45.Nf4 h2+ 46.Kh1 Nf5 0-1

[Event "13th Asia-ch"]
[Site "Al-Ain UAE"]
[Date "2015.08.03"]
[Round "2"]
[White "Lalith Babu, Musunuri Rohit"]
[Black "Lou Yiping"]
[Result "1-0"]
[WhiteElo "2570"]
[BlackElo "2454"]
[EventDate "2015.08.02"]
[PlyCount "151"]

1.d4 Nf6 2.c4 g6 3.Nc3 d5 4.cxd5 Nxd5 5.Bd2 Nb6 6.Bg5 Bg7 7.e3 h6 8.Bh4 c5
9.dxc5 Bxc3+ 10.bxc3 Qxd1+ 11.Rxd1 N6d7 12.Rd5 Nc6 13.Bb5 a6 14.Ba4 g5 15.
Bg3 Nf6 16.Rd1 Be6 17.Rb1 Bd5 18.f3 O-O-O 19.Ne2 Nd7 20.Nd4 Nxc5 21.Bxc6 
Bxc6 22.Nxc6 bxc6 23.Rb6 Kd7 24.Ke2 Rc8 25.Rd1+ Ke6 26.Rd4 f5 27.Kd2 h5 
28.Rc4 Kd5 29.Rbb4 a5 30.e4+ fxe4 31.Rd4+ Ke6 32.Rbc4 Nd7 33.Rxe4+ Kf7 34.
Kc2 h4 35.Bf2 e5 36.Re2 Ke6 37.h3 Rc7 38.Be3 Kf5 39.Rd2 Nf6 40.Rc5 Rhc8 
41.Rxa5 Nd5 42.Bc5 Rb7 43.c4 Nf4 44.Bd4 Re8 45.Bc3 Ree7 46.a4 Ra7 47.Rxa7 
Rxa7 48.a5 Ne6 49.Kb3 Rb7+ 50.Ka3 Nc5 51.Bb4 Na6 52.Bc3 Nc5 53.Rb2 Rxb2 
54.Kxb2 Na6 55.Bd2 Kf6 56.Kc3 Kf5 57.Be3 Kf6 58.Kd3 Kf5 59.Bb6 Nb4+ 60.Ke3
Na6 61.Bd8 Nc5 62.Bb6 Na6 63.Kf2 e4 64.Ke3 exf3 65.gxf3 Nb4 66.Bc5 Na6 67.
Be7 Nb8 68.Bd6 Na6 69.f4 g4 70.hxg4+ Kxg4 71.Ke4 h3 72.f5 Kg5 73.Bg3 Kg4 
74.Bh2 Kg5 75.Ke5 Nc5 76.f6 1-0

[Event "13th Asia-ch"]
[Site "Al-Ain UAE"]
[Date "2015.08.03"]
[Round "2"]
[White "Narayanan, Sunilduth Lyna"]
[Black "Idani, Pouya"]
[Result "0-1"]
[WhiteElo "2481"]
[BlackElo "2568"]
[EventDate "2015.08.02"]
[PlyCount "90"]

1.d4 Nf6 2.c4 e6 3.Nf3 b6 4.g3 Bb4+ 5.Bd2 Be7 6.Nc3 O-O 7.Bg2 Bb7 8.O-O c6
9.Qc2 d5 10.b3 Nbd7 11.Rad1 Ba6 12.e4 dxc4 13.bxc4 Bxc4 14.Rfe1 b5 15.Bg5 
Rc8 16.e5 Nd5 17.Ne4 c5 18.Nd6 Rc7 19.Bxe7 Qxe7 20.Qd2 h6 21.Rc1 cxd4 22.
Qxd4 N7b6 23.Nd2 Rd8 24.a4 Nb4 25.a5 N6d5 26.Be4 Nc6 27.Qa1 Nxe5 28.Nxb5 
Bxb5 29.Qxe5 Rxc1 30.Rxc1 Qa3 31.Ra1 Qb4 32.Nf3 a6 33.Qd4 Qe7 34.Rd1 f5 
35.Bxd5 Rxd5 36.Qa1 Qf6 37.Qc1 Rxd1+ 38.Qxd1 Qc3 39.Nd4 Bc4 40.Nc2 Qxa5 
41.Ne3 Bd5 42.h4 Qb5 43.h5 a5 44.Qc2 Qc6 45.Qb1 Bf3 0-1

[Event "13th Asia-ch"]
[Site "Al-Ain UAE"]
[Date "2015.08.03"]
[Round "2"]
[White "Utegaliev, Azamat"]
[Black "Gao Rui"]
[Result "1/2-1/2"]
[WhiteElo "2469"]
[BlackElo "2528"]
[EventDate "2015.08.02"]
[PlyCount "91"]

1.e4 c5 2.Nf3 d6 3.Bb5+ Nd7 4.d4 cxd4 5.Qxd4 a6 6.Bxd7+ Bxd7 7.c4 Nf6 8.
Nc3 g6 9.O-O Bg7 10.Be3 O-O 11.Qd3 b5 12.cxb5 axb5 13.a3 Qb8 14.Bd4 b4 15.
axb4 Qxb4 16.Rab1 Be6 17.Rfe1 Rfc8 18.h3 Rab8 19.Red1 Bc4 20.Qd2 Be6 21.
Re1 Rc4 22.Ra1 Nd7 23.Bxg7 Kxg7 24.Re2 Ne5 25.Nxe5 dxe5 26.Qe3 Rd4 27.Qg3 
f6 28.Ra4 Qb6 29.Rxd4 Qxd4 30.Qe3 Qxe3 31.fxe3 Bd7 32.Rd2 Bc6 33.Kf2 Rb4 
34.Nd5 Rb3 35.Nc3 Kf7 36.Ke2 Rb4 37.Kd3 Bb7 38.Rf2 h5 39.g3 Ke6 40.Rh2 Bc6
41.g4 hxg4 42.hxg4 g5 43.Rf2 Bb7 44.Rh2 Ba6+ 45.Kc2 Bb7 46.Kd3 1/2-1/2

[Event "13th Asia-ch"]
[Site "Al-Ain UAE"]
[Date "2015.08.03"]
[Round "2"]
[White "Vakhidov, Jahongir"]
[Black "Rathnakaran, Kantholi"]
[Result "1-0"]
[WhiteElo "2525"]
[BlackElo "2417"]
[EventDate "2015.08.02"]
[PlyCount "71"]

1.Nf3 Nf6 2.c4 c5 3.g3 Nc6 4.Bg2 g6 5.Nc3 Bg7 6.d4 cxd4 7.Nxd4 O-O 8.O-O 
Ng4 9.e3 d6 10.b3 Nxd4 11.exd4 Nh6 12.Bxh6 Bxh6 13.Qe2 e6 14.Rfd1 f5 15.b4
a5 16.b5 a4 17.a3 Qc7 18.Rab1 d5 19.c5 f4 20.Bf3 Qf7 21.g4 Bg7 22.Rb4 Re8 
23.h3 Kh8 24.Qd3 e5 25.Bxd5 Qf8 26.Ne4 exd4 27.Nd6 Re7 28.b6 Rb8 29.Rxd4 
Be5 30.Re4 Kg7 31.Rde1 Bxd6 32.cxd6 Rxe4 33.Bxe4 Bd7 34.Bf3 Kh6 35.Re2 Be8
36.h4 1-0

[Event "13th Asia-ch"]
[Site "Al-Ain UAE"]
[Date "2015.08.03"]
[Round "2"]
[White "Tabatabaei, Mohammadamin"]
[Black "Wang Chen"]
[Result "0-1"]
[WhiteElo "2458"]
[BlackElo "2524"]
[EventDate "2015.08.02"]
[PlyCount "134"]

1.e4 c5 2.Nf3 e6 3.d4 cxd4 4.Nxd4 Nc6 5.Nc3 Qc7 6.Be3 a6 7.Qd2 d6 8.O-O-O 
Nf6 9.f3 Be7 10.g4 Ne5 11.g5 Nfd7 12.f4 Nc4 13.Bxc4 Qxc4 14.h4 b5 15.a3 
Bb7 16.h5 Rc8 17.g6 Nf6 18.Qg2 fxg6 19.hxg6 h6 20.Rhe1 O-O 21.Kb1 Rfe8 22.
Bc1 Bf8 23.Qh3 e5 24.Nb3 Qc7 25.fxe5 dxe5 26.Rf1 Rcd8 27.Rxd8 Qxd8 28.Bg5 
Qd7 29.Qxd7 Nxd7 30.Bh4 Re6 31.Na5 Bc8 32.Nd5 Rxg6 33.Be7 Re6 34.Nc6 Bb7 
35.Bxf8 Bxc6 36.Bb4 Bxd5 37.exd5 Rf6 38.Re1 Rf4 39.Bc3 Kf7 40.Bxe5 Rf5 41.
Bd6 Nf6 42.Re7+ Kg8 43.Ra7 Rxd5 44.Rxa6 h5 45.a4 bxa4 46.c4 Rd4 47.c5 Ne4 
48.Ra8+ Kf7 49.Ra7+ Ke6 50.Rxg7 Nxd6 51.cxd6 Kxd6 52.Kc2 Rg4 53.Rh7 h4 54.
Rh5 Ke6 55.b3 a3 56.Kb1 Kf6 57.Ka2 Kg6 58.Rh8 Kf5 59.Kxa3 Kf4 60.b4 Kg3 
61.Ka4 h3 62.Ka5 Rh4 63.Rc8 h2 64.Rc1 h1=Q 65.Rxh1 Rxh1 66.b5 Kf4 67.Ka6 
Ke5 0-1

[Event "13th Asia-ch"]
[Site "Al-Ain UAE"]
[Date "2015.08.03"]
[Round "2"]
[White "Rahman, Ziaur"]
[Black "Abdyjapar, Asyl"]
[Result "1/2-1/2"]
[WhiteElo "2509"]
[BlackElo "2392"]
[EventDate "2015.08.02"]
[PlyCount "108"]

1.d4 Nf6 2.Bg5 Ne4 3.Bf4 c5 4.f3 Qa5+ 5.c3 Nf6 6.d5 Qb6 7.Bc1 e6 8.e4 Bd6 
9.c4 Be5 10.Nc3 O-O 11.Bd3 Na6 12.a3 d6 13.Nge2 Bd4 14.Na4 Qc7 15.Bg5 Nd7 
16.Rc1 h6 17.Bf4 e5 18.Bd2 Nf6 19.Nac3 Qd8 20.Ng3 Nc7 21.Rb1 a6 22.Nce2 b5
23.Nxd4 exd4 24.O-O bxc4 25.Bxc4 a5 26.b4 axb4 27.axb4 Nd7 28.bxc5 dxc5 
29.f4 Ba6 30.Qc2 Qc8 31.Nf5 Kh8 32.Nd6 Qd8 33.e5 Nf6 34.Bxa6 Rxa6 35.Qxc5 
Nfxd5 36.Qxd4 Qa8 37.Qd3 Kg8 38.Qg3 Ra2 39.Rbd1 Qa7+ 40.Kh1 Qa6 41.Bc1 f5 
42.Rfe1 Kh7 43.Qf3 Ne7 44.Nb7 Rb8 45.Nc5 Qc4 46.Nd7 Rb3 47.Qh5 Ned5 48.Qf7
Qc6 49.Qe8 Rc3 50.e6 Rcc2 51.Nf8+ Kg8 52.Nd7+ Kh7 53.Nf8+ Kg8 54.Nd7+ Kh7 
1/2-1/2

[Event "13th Asia-ch"]
[Site "Al-Ain UAE"]
[Date "2015.08.03"]
[Round "2"]
[White "Asgarizadeh, Mohammad Reza"]
[Black "Vishnu Prasanna, Vasanthan"]
[Result "0-1"]
[WhiteElo "2276"]
[BlackElo "2502"]
[EventDate "2015.08.02"]
[PlyCount "68"]

1.d4 Nf6 2.c4 e6 3.Nc3 Bb4 4.e3 O-O 5.Ne2 Re8 6.a3 Bf8 7.e4 d5 8.e5 Nfd7 
9.cxd5 exd5 10.b4 a5 11.b5 c5 12.bxc6 bxc6 13.f4 c5 14.g3 Nc6 15.Bg2 Nb6 
16.dxc5 Bxc5 17.Nxd5 Ba6 18.Be3 Nxe5 19.fxe5 Nxd5 20.Bxc5 Rxe5 21.Ra2 Nc3 
22.Qd4 Qe8 23.O-O Nxe2+ 24.Rxe2 Bxe2 25.Bxa8 Bxf1 26.Bf3 Bb5 27.Bb6 Re1+ 
28.Kg2 Bc6 29.Bxc6 Qxc6+ 30.Kh3 Qe6+ 31.Kg2 Qe2+ 32.Qf2 Qe4+ 33.Kh3 Qe6+ 
34.g4 h5 0-1

[Event "13th Asia-ch"]
[Site "Al-Ain UAE"]
[Date "2015.08.03"]
[Round "2"]
[White "Darini, Pouria"]
[Black "Said, Ishaq"]
[Result "1-0"]
[WhiteElo "2501"]
[BlackElo "2252"]
[EventDate "2015.08.02"]
[PlyCount "115"]

1.e4 e5 2.Nf3 Nc6 3.Bb5 a6 4.Ba4 Nf6 5.O-O Nxe4 6.d4 Be7 7.Re1 b5 8.Rxe4 
d5 9.Nxe5 Nxe5 10.Rxe5 bxa4 11.b3 axb3 12.axb3 O-O 13.Ba3 Bf6 14.Bxf8 Bxe5
15.dxe5 Kxf8 16.Qd4 Kg8 17.Nc3 c6 18.Na4 Rb8 19.Nc5 a5 20.Qd2 Rb5 21.Ne4 
Rb4 22.Nd6 Be6 23.Nc4 Qb8 24.Nxa5 Qxe5 25.Re1 Rd4 26.Qc3 Qf4 27.Nxc6 Rd2 
28.Rf1 h5 29.g3 Qh6 30.f4 Re2 31.Re1 Rxe1+ 32.Qxe1 h4 33.Nd4 hxg3 34.hxg3 
Bg4 35.Qe8+ Kh7 36.Qd8 Qh5 37.Qh4 Qxh4 38.gxh4 Bc8 39.b4 Kg6 40.b5 Kf6 41.
b6 Ba6 42.Nb3 Kf5 43.Nc5 Bc8 44.b7 Bxb7 45.Nxb7 Kxf4 46.Nd8 Ke3 47.Nxf7 
Kd2 48.Ng5 Kxc2 49.Ne6 d4 50.Nxg7 d3 51.Nf5 d2 52.Ne3+ Kd3 53.Kf2 Ke4 54.
Ke2 Ke5 55.Kxd2 Kf6 56.Ke2 Kg6 57.Kf3 Kh5 58.Kg3 1-0

[Event "13th Asia-ch"]
[Site "Al-Ain UAE"]
[Date "2015.08.03"]
[Round "2"]
[White "Le Quang Liem"]
[Black "Asgarizadeh, Ahmad"]
[Result "1-0"]
[WhiteElo "2699"]
[BlackElo "2407"]
[EventDate "2015.08.02"]
[PlyCount "67"]

1.d4 d5 2.Nf3 Nf6 3.c4 dxc4 4.e3 a6 5.Bxc4 b5 6.Bd3 Bb7 7.O-O e6 8.Qe2 
Nbd7 9.a4 b4 10.e4 Be7 11.Nbd2 c5 12.e5 Nd5 13.Nb3 cxd4 14.Bd2 Nc5 15.Nxc5
Bxc5 16.Rfc1 Qe7 17.Ng5 Ba7 18.Bxa6 Bxa6 19.Qxa6 O-O 20.Qd3 f5 21.Rc6 Rac8
22.Rxe6 Qc5 23.Rd6 Qc2 24.Qxc2 Rxc2 25.Nf3 Nc3 26.Rd7 Bc5 27.Rc7 Bb6 28.
Rb7 Bc5 29.bxc3 bxc3 30.Be1 Rd8 31.e6 d3 32.Rd7 Rxd7 33.exd7 Be7 34.Rd1 
1-0

[Event "13th Asia-ch"]
[Site "Al-Ain UAE"]
[Date "2015.08.03"]
[Round "2"]
[White "Wang Yiye"]
[Black "Gupta, Abhijeet"]
[Result "0-1"]
[WhiteElo "2439"]
[BlackElo "2619"]
[EventDate "2015.08.02"]
[PlyCount "88"]

1.e4 c5 2.Nf3 d6 3.Nc3 a6 4.d4 cxd4 5.Nxd4 Nf6 6.Bg5 Nbd7 7.Qe2 h6 8.Bh4 
b5 9.O-O-O Bb7 10.f4 g5 11.fxg5 hxg5 12.Bxg5 e6 13.a3 Rc8 14.Qf3 Rc5 15.
Bxf6 Qxf6 16.Kb1 Qxf3 17.gxf3 Ke7 18.a4 bxa4 19.Nxa4 Ra5 20.b3 Rah5 21.h3 
Bg7 22.Nb2 Nb6 23.Rg1 Bf6 24.Rg4 d5 25.Bg2 Rh4 26.c3 Rxg4 27.fxg4 dxe4 28.
Ne2 Be5 29.c4 Nd7 30.Na4 f5 31.Nac3 Nc5 32.gxf5 exf5 33.Nd5+ Bxd5 34.Rxd5 
Nd3 35.Nc1 Nxc1 36.Rxe5+ Kf6 37.Rd5 Nd3 38.Bf1 Nb4 39.Rd6+ Ke5 40.Rb6 Rg8 
41.Rxb4 Rg1 42.Kc2 Rxf1 43.Rb6 e3 44.Kd3 f4 0-1

[Event "13th Asia-ch"]
[Site "Al-Ain UAE"]
[Date "2015.08.03"]
[Round "2"]
[White "Ghaem Maghami, Ehsan"]
[Black "Pascua, Haridas"]
[Result "1-0"]
[WhiteElo "2609"]
[BlackElo "2447"]
[EventDate "2015.08.02"]
[PlyCount "81"]

1.e4 c5 2.Nc3 Nc6 3.Bb5 g6 4.f4 Bg7 5.Nf3 Nd4 6.O-O a6 7.Bd3 d6 8.Nxd4 
cxd4 9.Ne2 Nf6 10.c3 dxc3 11.dxc3 b5 12.a4 Bd7 13.Nd4 O-O 14.axb5 axb5 15.
Rxa8 Qxa8 16.Qe2 b4 17.Bd2 bxc3 18.Bxc3 Bg4 19.Qe1 Nd7 20.f5 d5 21.h3 dxe4
22.Bxe4 Qa7 23.Qf2 Bxf5 24.Bxf5 gxf5 25.Nxf5 Qxf2+ 26.Kxf2 e5 27.Nxg7 Kxg7
28.Rd1 Nc5 29.Bxe5+ f6 30.Bd4 Nb3 31.Bc3 Nc5 32.Bd4 Nb3 33.Bc3 Nc5 34.Rd5 
Ne4+ 35.Ke3 Re8 36.Kd3 Kg6 37.Bd4 f5 38.b4 Ra8 39.b5 Ra4 40.b6 Rb4 41.Rd7 
1-0

[Event "13th Asia-ch"]
[Site "Al-Ain UAE"]
[Date "2015.08.03"]
[Round "2"]
[White "Maghsoodloo, Parham"]
[Black "Zhou Jianchao"]
[Result "0-1"]
[WhiteElo "2416"]
[BlackElo "2600"]
[EventDate "2015.08.02"]
[PlyCount "120"]

1.c4 e6 2.Nc3 d5 3.d4 Nf6 4.Bg5 Be7 5.Nf3 h6 6.Bxf6 Bxf6 7.cxd5 exd5 8.g3 
O-O 9.Bg2 c6 10.O-O Bf5 11.e3 Nd7 12.Nd2 Nb6 13.Rc1 a5 14.Re1 Re8 15.Nb3 
Nc4 16.e4 dxe4 17.Nxe4 Nxb2 18.Qd2 Bxe4 19.Rxe4 Rxe4 20.Bxe4 Na4 21.Rc2 
Qe7 22.Bf3 Qb4 23.Qd3 Rd8 24.Qf5 Bxd4 25.Nxd4 Qxd4 26.Qxa5 Nb6 27.Qa7 Qb4 
28.Kg2 Nc4 29.Be2 Nd2 30.f3 Nb1 31.Qe3 Na3 32.Rc5 Qd2 33.Kf2 Nc2 34.Qe7 
Qd4+ 35.Kg2 Ne3+ 36.Kh3 Rf8 37.Re5 Nd5 38.Re4 Qb2 39.Qe5 Qxe5 40.Rxe5 Rd8 
41.Bc4 Kf8 42.g4 Re8 43.Rxe8+ Kxe8 44.Kg3 b5 45.Bb3 g5 46.h4 Ke7 47.a4 
bxa4 48.Bxa4 c5 49.Bb3 Kd6 50.f4 gxf4+ 51.Kf3 Ke5 52.g5 hxg5 53.hxg5 Kd4 
54.Bc2 c4 55.Ba4 c3 56.Bb3 Ke5 57.Ke2 Nb4 58.Bxf7 f3+ 59.Kd1 c2+ 60.Kd2 
Nd3 0-1

[Event "13th Asia-ch"]
[Site "Al-Ain UAE"]
[Date "2015.08.03"]
[Round "2"]
[White "Nezad, Husein Aziz"]
[Black "Sengupta, Deep"]
[Result "1/2-1/2"]
[WhiteElo "2404"]
[BlackElo "2594"]
[EventDate "2015.08.02"]
[PlyCount "94"]

1.d4 Nf6 2.c4 e6 3.Nf3 Bb4+ 4.Bd2 Qe7 5.g3 Bxd2+ 6.Qxd2 Nc6 7.Nc3 d5 8.b3 
O-O 9.Bg2 Rd8 10.O-O dxc4 11.bxc4 Na5 12.Ne5 Nd7 13.Nb5 Nxe5 14.Qxa5 Nxc4 
15.Qxc7 Qxc7 16.Nxc7 Rb8 17.Rfc1 Na5 18.Rab1 b6 19.d5 exd5 20.Bxd5 Bb7 21.
e4 Rd7 22.a4 g6 23.g4 h6 24.f3 Kg7 25.Kg2 Rbd8 26.Kg3 Bxd5 27.Nxd5 Nb7 28.
h4 f6 29.h5 gxh5 30.Nf4 Kf7 31.Nxh5 Nc5 32.a5 Rd3 33.axb6 axb6 34.Rxb6 
Nxe4+ 35.Kf4 Nc3 36.Rxf6+ Kg8 37.Kf5 Nd5 38.Kg6 Kh8 39.Rf7 Rd6+ 40.Nf6 
Nxf6 41.Rxf6 Rxf6+ 42.Kxf6 Rxf3+ 43.Kg6 Rf8 44.Rc4 Rg8+ 45.Kxh6 Rxg4 46.
Rc8+ Rg8 47.Rxg8+ Kxg8 1/2-1/2

[Event "13th Asia-ch"]
[Site "Al-Ain UAE"]
[Date "2015.08.03"]
[Round "2"]
[White "Gopal, Geetha Narayanan"]
[Black "Lodhi, Mahmood"]
[Result "1/2-1/2"]
[WhiteElo "2562"]
[BlackElo "2310"]
[EventDate "2015.08.02"]
[PlyCount "51"]

1.e4 e5 2.Nf3 Nc6 3.Bb5 a6 4.Ba4 g6 5.c3 Bg7 6.d4 b5 7.Bc2 d6 8.h3 Nge7 9.
O-O O-O 10.a4 Bb7 11.d5 Na7 12.b3 h6 13.Be3 bxa4 14.Rxa4 f5 15.c4 Nac8 16.
Nc3 Nb6 17.Ra2 f4 18.Bc1 g5 19.Ba3 Nd7 20.Na4 Ng6 21.c5 Nf6 22.Nd2 Rf7 23.
f3 Bf8 24.Nc4 h5 25.Na5 Bc8 26.Nc6 1/2-1/2

[Event "13th Asia-ch"]
[Site "Al-Ain UAE"]
[Date "2015.08.03"]
[Round "2"]
[White "Khusnutdinov, Rustam"]
[Black "Salih Akar, Ali"]
[Result "1-0"]
[WhiteElo "2510"]
[BlackElo "2359"]
[EventDate "2015.08.02"]
[PlyCount "143"]

1.e4 c5 2.Nf3 d6 3.c3 Nf6 4.Bd3 g6 5.h3 Bg7 6.O-O O-O 7.Bc2 Nc6 8.d4 cxd4 
9.cxd4 Nb4 10.Nc3 Nxc2 11.Qxc2 Bd7 12.Be3 Rc8 13.Qd2 d5 14.exd5 Bf5 15.Bh6
Ne4 16.Qe3 Nxc3 17.bxc3 Qxd5 18.Bxg7 Kxg7 19.Rfe1 Rc7 20.c4 Rxc4 21.Qxe7 
Rd8 22.Re5 Qd6 23.Qxb7 Rxd4 24.Qxa7 Qf6 25.Nxd4 Qxe5 26.Nxf5+ Qxf5 27.Qe3 
Rd3 28.Qe2 Qf6 29.Rd1 Ra3 30.g3 h5 31.h4 Ra4 32.Kh2 Ra3 33.Rd2 Ra5 34.Qc4 
Rf5 35.Kg2 Kh7 36.a4 Qb6 37.Qe4 Qa7 38.Qc6 Rc5 39.Qe4 Rf5 40.Rc2 Qb6 41.
Re2 Kg7 42.Re3 Qa5 43.Qd4+ Kh7 44.Re8 Qd5+ 45.Qxd5 Rxd5 46.Re2 Kg7 47.Kf3 
g5 48.hxg5 Rxg5 49.Re4 Kf6 50.Ke3 Rd5 51.Rd4 Rc5 52.Kd3 Ke6 53.Rc4 Rd5+ 
54.Rd4 Rc5 55.Rb4 Rf5 56.Ke3 Rc5 57.Kd3 Rd5+ 58.Kc3 Rf5 59.Rb2 Kd6 60.Kd3 
h4 61.gxh4 Rf4 62.Ra2 Rxh4 63.a5 Kc7 64.a6 Kb8 65.a7+ Ka8 66.Ke3 Rb4 67.f4
Rc4 68.Ra5 Rb4 69.Kf3 f5 70.Rxf5 Kxa7 71.Rc5 Kb6 72.Rc1 1-0

[Event "13th Asia-ch"]
[Site "Al-Ain UAE"]
[Date "2015.08.03"]
[Round "2"]
[White "Saiyn, Zhanat"]
[Black "Harika, Dronavalli"]
[Result "1/2-1/2"]
[WhiteElo "2404"]
[BlackElo "2509"]
[EventDate "2015.08.02"]
[PlyCount "36"]

1.d4 d5 2.c4 c6 3.Nf3 Nf6 4.e3 Bg4 5.h3 Bh5 6.Nc3 e6 7.Qb3 Qb6 8.Ne5 Nbd7 
9.g4 Bg6 10.Nxg6 hxg6 11.Bg2 Bb4 12.Bd2 Bxc3 13.Bxc3 Ne4 14.Bb4 Qc7 15.Rc1
Ndf6 16.cxd5 exd5 17.Bxe4 dxe4 18.g5 Nh7 1/2-1/2

[Event "13th Asia-ch"]
[Site "Al-Ain UAE"]
[Date "2015.08.03"]
[Round "2"]
[White "Iyti, Basher"]
[Black "Nguyen Djuc Hoa"]
[Result "0-1"]
[WhiteElo "2305"]
[BlackElo "2500"]
[EventDate "2015.08.02"]
[PlyCount "98"]

1.d4 Nf6 2.Nf3 g6 3.Nc3 d5 4.Bg5 Bg7 5.Bxf6 exf6 6.Qd2 O-O 7.O-O-O Be6 8.
Rg1 f5 9.h4 h6 10.e3 Nd7 11.Ne2 Nf6 12.Nf4 Re8 13.g3 Ne4 14.Qe1 Qd6 15.Nd2
c5 16.Nxe4 dxe4 17.Nxe6 Qxe6 18.Kb1 cxd4 19.exd4 Rad8 20.c3 a6 21.h5 g5 
22.Qe3 g4 23.Be2 Kh7 24.Rge1 Bf6 25.Bf1 Kg7 26.Qe2 b5 27.Qc2 Qd6 28.Qb3 
Rb8 29.a3 Qd7 30.d5 Rb6 31.Qb4 Rd6 32.c4 bxc4 33.Bxc4 Qc7 34.Re2 Rb8 35.
Qa4 Rdb6 36.b3 Qe5 37.Ka2 Qc3 38.Rb1 Rc8 39.Rbb2 Rc5 40.Rec2 Qd4 41.Rd2 
Qe5 42.Rb1 Qc3 43.Re2 Ra5 44.Qe8 Rbb5 45.Bxb5 axb5 46.a4 bxa4 47.bxa4 Qc4+
48.Ka3 Be7+ 49.Qxe7 Rxa4+ 0-1

[Event "13th Asia-ch"]
[Site "Al-Ain UAE"]
[Date "2015.08.03"]
[Round "2"]
[White "Xu Xiangyu"]
[Black "Das, Debashis"]
[Result "1/2-1/2"]
[WhiteElo "2257"]
[BlackElo "2489"]
[EventDate "2015.08.02"]
[PlyCount "85"]

1.e4 c5 2.Nf3 d6 3.d4 cxd4 4.Nxd4 Nf6 5.Nc3 a6 6.Qf3 g6 7.h3 Bg7 8.Be3 O-O
9.O-O-O Bd7 10.g4 Nc6 11.Nxc6 bxc6 12.Bc4 Rb8 13.Bb3 Be6 14.e5 Nd5 15.Nxd5
Bxd5 16.Bxd5 cxd5 17.Qxd5 Rb5 18.Qd2 Qb8 19.Bd4 dxe5 20.Bc3 Rc8 21.Rhe1 e6
22.h4 Bf8 23.Qe3 Qc7 24.Re2 Qc4 25.Qf3 Qxa2 26.Rd7 Be7 27.Rxe5 Rxe5 28.
Bxe5 Qa1+ 29.Kd2 Rxc2+ 30.Kxc2 Qa4+ 31.b3 Qxd7 32.Qa8+ Qd8 33.Qxa6 Bxh4 
34.f3 Be7 35.Qb7 Bf8 36.b4 Qg5 37.Qb8 Qe7 38.Bd4 Qxb4 39.Qe5 Qc4+ 40.Kb1 
Qd3+ 41.Ka2 Qc2+ 42.Ka1 Qc1+ 43.Ka2 1/2-1/2

[Event "13th Asia-ch"]
[Site "Al-Ain UAE"]
[Date "2015.08.03"]
[Round "2"]
[White "Shrestha, Keshav"]
[Black "Venkatesh, Marani Rajendran"]
[Result "1/2-1/2"]
[WhiteElo "2118"]
[BlackElo "2484"]
[EventDate "2015.08.02"]
[PlyCount "55"]

1.e4 c5 2.c3 Nf6 3.e5 Nd5 4.d4 cxd4 5.Bc4 Qc7 6.Qe2 Nb6 7.Bb3 d3 8.Qe4 Na6
9.Be3 Qc6 10.Nd2 d5 11.Qxd3 Nc5 12.Bxc5 Qxc5 13.Ngf3 Bd7 14.Nd4 e6 15.O-O 
Be7 16.Kh1 Na4 17.Bxa4 Bxa4 18.f4 g6 19.N2f3 Bd7 20.Rfc1 Qb6 21.Qc2 a5 22.
a4 Rc8 23.Qd2 Rc7 24.Rf1 Rc4 25.b3 Rc7 26.Rab1 Qa6 27.Ra1 b6 28.Rfc1 
1/2-1/2

[Event "13th Asia-ch"]
[Site "Al-Ain UAE"]
[Date "2015.08.03"]
[Round "2"]
[White "Anuruddha, Galappaththi Chinthaka"]
[Black "Al-Rakib, Abdullah"]
[Result "1/2-1/2"]
[WhiteElo "2066"]
[BlackElo "2473"]
[EventDate "2015.08.02"]
[PlyCount "56"]

1.d4 Nf6 2.c4 e6 3.Nc3 Bb4 4.Qc2 O-O 5.a3 Bxc3+ 6.Qxc3 d6 7.Bg5 Nbd7 8.e3 
b6 9.Ne2 Bb7 10.Qd3 h6 11.Bh4 Rc8 12.Nc3 a6 13.f3 d5 14.Be2 c5 15.dxc5 
Nxc5 16.Qd1 Qe7 17.O-O Rfd8 18.Qc2 dxc4 19.Bxc4 b5 20.Ba2 Na4 21.Rfc1 Nxc3
22.bxc3 Qc5 23.Bf2 Qg5 24.Qe2 Nd7 25.e4 Ne5 26.Be3 Qf6 27.Bd4 Qg5 28.Be3 
Qf6 1/2-1/2